000 00291nam a22001217a 4500
008 260429b |||||||| |||| 00| 0 eng d
082 _a001357
100 _aDutta, Janardhan
245 _aRaghuvamsha Mahakavya
260 _aDelhi
_bMotilal Banarasidass
_c2017
300 _a503p
942 _2ddc
999 _c1360
_d1360